Kafka. Franz tuyển tập tác phẩm tiểu thuyết Tập 1 Lâu đài

.

Spremljeno u:
Bibliografski detalji
Glavni autor: Kafka. Franz
Daljnji autori: Trương Đăng Dung (dịch)
Format: Knjiga
Jezik:Vietnamese
Izdano: H. Văn học 1998
Serija:Tủ sách tác phẩm chọn lọc thế giới
Teme:
Oznake: Dodaj oznaku
Bez oznaka, Budi prvi tko označuje ovaj zapis!
Thư viện lưu trữ: Mạng thư viện Đại học Đà Nẵng
LEADER 01243nam a2200373 4500
001 000004911
003 1053
005 20120412090432.0
008 110805s1998 viesd
020 |c 43000 
041 0 |a vie 
082 |a 833  |b KA-F 
100 0 |a Kafka. Franz 
245 1 0 |a Kafka. Franz tuyển tập tác phẩm  |b tiểu thuyết  |c Trương Đăng Dung dịch  |n Tập 1  |p Lâu đài 
260 |a H.  |b Văn học  |c 1998 
300 |a 531 tr.  |c 19 cm 
490 |a Tủ sách tác phẩm chọn lọc thế giới 
520 |a . 
653 |a Văn học Đức 
653 |a Tiểu thuyết Đức 
653 |a Kafka. Franz 
700 |a Trương Đăng Dung  |e dịch 
773 |t Kafka. Franz tuyển tập tác phẩm  |w 1051 
910 |a Thu Sương  |d 4/8/2011 
OWN |a LSP 
AVA |a UDN50  |b LSP  |d 833 KA-F  |e available  |t Error 5001 Not defined in file expand_doc_bib_avail.  |f 2  |g 0  |h N  |i 1  |k 1 
999 |a From the UDN01 
AVA |a UDN50  |b LSP  |d 833 KA-F  |e available  |t Error 5001 Not defined in file expand_doc_bib_avail.  |f 2  |g 0  |h N  |i 1  |k 1 
TYP |a Monograph 
TYP |a Printed language 
980 |a Mạng thư viện Đại học Đà Nẵng